000 01122nmc a2200421 a 4500
003 AR-BaBNM
005 20251128210356.0
008 020020s1996 ||||||||||||||000 | spa||
020 _a950-02-8463-4
040 _cAR-BaBNM
245 1 0 _aTeatro
_bLos reportajes de "The Paris Review"
250 _a1ª ed.
260 _aBuenos Aires
_bEl Ateneo
_c1996
300 1 _aix, 220 p.
490 0 _aGrandes reportajes. Confesiones de escritores
_vv. 5
600 1 4 _aAlbee, Edward
600 1 4 _aHellman, Lillian
600 1 4 _aIonesco, Eugène
_d1909-1994
600 1 4 _aMiller, Arthur
600 1 4 _aPinti, Enrique
600 1 4 _aSimon, Neil
600 1 4 _aStoppard, Tom
600 1 4 _aWilliams, Tennessee
610 2 4 _aThe Paris Review
650 4 _aANTOLOGIAS
650 4 _aENTREVISTAS
650 4 _aESCRITORES
650 4 _aLITERATURA CONTEMPORANEA
650 4 _aCRITICA LITERARIA
650 4 _aVIDA LITERARIA
650 4 _aTEATRO
653 0 _aPOETICA
655 _aLITERATURA
700 1 _aUre, Alberto
_eprologuista
800 1 _aRusso, Edgardo
_edirector
942 _cBK
998 _cMaRTIN
999 _c15206
_d15206